Normal view
MARC view
- Bible
Entry Uniform Title
001 - CONTROL NUMBER
- control field: 12011
003 - CONTROL NUMBER IDENTIFIER
- control field: NUST
005 - DATE AND TIME OF LATEST TRANSACTION
- control field: 20180726094944.0
008 - FIXED-LENGTH DATA ELEMENTS
- fixed length control field: 180726|| aca||aabn | a|a d
040 ## - CATALOGING SOURCE
- Original cataloging agency: NUST
- Transcribing agency: NUST
130 ## - HEADING--UNIFORM TITLE
- Uniform title: Bible
- Name of part/section of a work: Old Testament
- General subdivision: Fiction.
670 ## - SOURCE DATA FOUND
- Source citation: Work cat.: (NUST)4089: Coelho, Paulo. 3636, The fifth mountain /, 1998.
